Super Smash Brothers Ultimate Quiz - Statistics

General Stats
  • This quiz has been taken 185 times
    165 since last reset
  • The average score is 73 of 88
Answer Stats
Series for Each Character Roster Number Fighter % Correct
Super Mario Series 1 Mario
97%
Super Mario Series 9 Luigi
96%
Super Mario Series 13 E Daisy (E)
95%
Donkey Kong Series 2 Donkey Kong
95%
Super Mario Series 13 Peach
95%
Super Mario Series 14 Bowser
94%
Wario Ware Series 30 Wario
94%
Kirby Series 6 Kirby
93%
Pokémon Series 8 Pikachu
93%
The Legend of Zelda Series 17 Zelda
93%
Metroid Series 4 Samus
92%
The Legend of Zelda Series 3 Link
91%
Pac-Man Series 55 Pac-Man
91%
Yoshi Series 5 Yoshi
91%
Starfox Series 20 Falco
90%
Starfox Series 7 Fox
90%
Ice Climber Series 15 Ice Climbers
90%
Game and Watch Series 26 Mr. Game and Watch
90%
R.O.B. Series 42 R.O.B.
90%
Sonic the Hedgehog Series 38 Sonic
90%
Bayonetta Series 63 Bayonetta
89%
F-Zero Series 11 Captain Falcon
89%
Metroid Series 4 E Dark Samus (E)
89%
Donkey Kong Series 36 Diddy Kong
89%
Duck Hunt Series 59 Duck Hunt
89%
Kirby Series 39 King Dedede
89%
Kirby Series 27 Meta Knight
88%
Starfox Series 44 Wolf
88%
Mega Man Series 46 Mega Man
87%
Pokémon Series 19 Pichu
87%
The Legend of Zelda Series 43 Toon Link
87%
The Legend of Zelda Series 22 Young Link
87%
Kid Icarus Series 28 E Dark Pit (E)
86%
Fire Emblem Series 21 Marth
86%
Kid Icarus Series 28 Pit
86%
Wii Fit Series 47 Wii Fit Trainer
86%
The Legend of Zelda Series 23 Ganondorf
85%
Splatoon Series 64 Inkling
85%
Metal Gear Solid Series 31 Snake
85%
Street Fighter Series 60 Ryu
84%
Animal Crossing Series 45 Villager
84%
Pokémon Series 35 Charizard (Pokémon Trainer)
83%
Final Fantasy Series 61 Cloud
83%
Persona 5 Series 71 Joker (DLC)
83%
Street Fighter Series 60 E Ken (E)
83%
Earthbound Series 10 Ness
83%
Pikmin Series 40 Olimar
83%
Metroid Series 65 Ridley
83%
Minecraft Series 76 Steve/Alex (DLC)
83%
Donkey Kong Series 67 King K. Rool
82%
Earthbound Series 37 Lucas
82%
Mii Series 51 Mii Brawler
82%
Xenoblade Chronicles Series 57 Shulk
82%
Metroid Series 29 Zero Suit Samus
82%
Super Mario Series 58 Bowser Jr.
81%
Pokémon Series 24 Mewtwo
81%
Fire Emblem Series 25 Roy
81%
The Legend of Zelda Series 16 Sheik
81%
Animal Crossing Series 68 Isabelle
80%
Punch-Out!! Series 49 Little Mac
80%
Mii Series 53 Mii Gunner
80%
Banjo-Kazooie Series 73 Banjo and Kazooie (DLC)
79%
Pokémon Series 50 Greninja
79%
Fire Emblem Series 21 E Lucina (E)
79%
Pokémon Series 33 Squirtle (Pokémon Trainer)
79%
Pokémon Series 12 Jigglypuff
78%
Kid Icarus Series 54 Palutena
78%
Super Mario Series 70 Piranha Plant (DLC)
78%
Pokémon Series 34 Ivysaur (Pokémon Trainer)
77%
Pokémon Series 41 Lucario
77%
Mii Series 52 Mii Swordfighter
77%
Fire Emblem Series 25 E Chrom (E)
76%
Dragon Quest Series 72 Hero (DLC)
75%
Fire Emblem Series 32 Ike
75%
Castlevania Series 66 Simon
75%
Xenoblade Chronicles Series 79/80 Pyra/Mythra (DLC)
74%
Castlevania Series 66 E Richter (E)
74%
Arms Series 75 Min Min (DLC)
72%
Super Mario Series 48 Rosalina and Luma
70%
Super Mario Series 18 Doctor Mario
69%
Pokémon Series 69 Incineroar
69%
Fire Emblem Series 75 Byleth (DLC)
68%
Fire Emblem Series 62 Corrin
66%
Fire Emblem Series 56 Robin
66%
Kingdom Hearts Series 82 Sora (DLC)
65%
Fatal Fury Series 74 Terry (DLC)
62%
Final Fantasy Series 78 Sephiroth (DLC)
59%
Tekken Series 81 Kazuya (DLC)
58%
No matching quizzes found
Score Distribution
Percent of People with Each Score
Percentile by Number Answered
Your Score History
You have not taken this quiz since the last reset